Management Information Systems : (Record no. 8411)

MARC details
000 -LEADER
fixed length control field 01263nac a22002771u 4500
008 - FIXED-LENGTH DATA ELEMENTS--GENERAL INFORMATION
fixed length control field 100414t xxu||||| |||| 00| 0 eng d
010 ## - LIBRARY OF CONGRESS CONTROL NUMBER
LC control number 2007060099
020 ## - INTERNATIONAL STANDARD BOOK NUMBER
International Standard Book Number 9780132304610
020 ## - INTERNATIONAL STANDARD BOOK NUMBER
International Standard Book Number 0132304619 :
020 ## - INTERNATIONAL STANDARD BOOK NUMBER
International Standard Book Number 9780132234276 :
020 ## - INTERNATIONAL STANDARD BOOK NUMBER
International Standard Book Number 0132234270 :
082 00 - DEWEY DECIMAL CLASSIFICATION NUMBER
Classification number 025.04
Item number LAU
Edition number 22
100 ## - MAIN ENTRY--PERSONAL NAME
Personal name Laudon, Kenneth C.,
9 (RLIN) 13499
245 10 - TITLE STATEMENT
Title Management Information Systems :
Remainder of title Managing the Digital Firm /
Statement of responsibility, etc Kenneth C. Laudon, Jane P. Laudon.
250 ## - EDITION STATEMENT
Edition statement 10th ed.
260 ## - PUBLICATION, DISTRIBUTION, ETC. (IMPRINT)
Place of publication, distribution, etc Upper Saddle River, N.J. :
Name of publisher, distributor, etc Pearson/Prentice Hall,2007.
Date of publication, distribution, etc c2007.
300 ## - PHYSICAL DESCRIPTION
Extent xxxiv, 117 p. :
Other physical details col. ill. ;
Dimensions 29 cm. +
Accompanying material 1 CD-ROM (4 3/4 in.)
500 ## - GENERAL NOTE
General note Distributer: Al-Ahram
504 ## - BIBLIOGRAPHY, ETC. NOTE
Bibliography, etc Includes bibliographical references and index.
511 ## - PARTICIPANT OR PERFORMER NOTE
Participant or performer note Catalogued by: Sara
650 #0 - SUBJECT ADDED ENTRY--TOPICAL TERM
Topical term or geographic name as entry element Management information systems.
9 (RLIN) 13500
700 1# - ADDED ENTRY--PERSONAL NAME
Personal name Laudon, Jane Price.
9 (RLIN) 13501
942 ## - ADDED ENTRY ELEMENTS (KOHA)
Item type Book - Borrowing
Call number prefix 658.4038011LAU
Source of classification or shelving scheme Dewey Decimal Classification
Holdings
Withdrawn status Item status Source of classification or shelving scheme Damaged status Not for loan Vendor Home library Current library Shelving location Date acquired Source of acquisition Total Checkouts Total Renewals Full call number Barcode Date last seen Date last borrowed Koha item type
    Dewey Decimal Classification       Central Library Central Library Lower Floor 06/03/2008   7 14 025.04 LAU 000010208 15/07/2025 28/04/2021 Book - Borrowing
    Dewey Decimal Classification       Central Library Central Library Lower Floor 03/11/2010       025.04 LAU 000010210 24/08/2022   CD | DVD - With book